Ультраосновные включения и вулканиты как саморегулирующаяся геологическая система

Détails bibliographiques
Auteur principal: Колосков А. В. Александр Валерианович
Collectivité auteur: Российская академия наук (РАН) Дальневосточное отделение (ДВО) Институт вулканической геологии и геохимии (ИВГиГ)
Résumé:На обширном и представительном материале изучены особенности вещественного состава (петрохимия, геохимия, минералогия, изотопия) ксенолитсодержащих вулканитов различных регионов Восточно-Азиатской окраины, проведено их сравнение с типами пород внутриплитных континентальных и океанических областей, а также островных дуг и активных континентальных окраин. Подробно рассмотрена минералогия и изотопно-геохимический состав различных типов включений ультрамафитов в вулканитах, имеющих разное тектоническое положение. Построен ряд дискриминантных петрохимических, геохимических, изотопных и минералогических диаграмм, существенно дополняющих имеющийся арсенал петрологической методологии. Сопоставление составов ультраосновных включений и вулканитов как на макро-, так и на микроуровне свидетельствует о наличии соответствия между минералогическим типом включения и геохимическим типом несущих его вулканических пород. Наблюдаемая в одной выборке или в одном образце ксенолита картина его декомпрессионного преобразования проявляется фрагментарно на примере ассоциаций включений и вулканитов различных регионов. Эти закономерности обусловлены, скорее всего, единым механизмом образования включений и свидетельствуют о генетическом родстве включений и вулканитов, которые следует рассматривать как единую саморегулирующуюся геологическую систему.
Langue:russe
Publié: Москва, Научный мир, 1999
Sujets:
Format: Livre
KOHA link:https://koha.lib.tpu.ru/cgi-bin/koha/opac-detail.pl?biblionumber=66161

MARC

LEADER 00000nam0a2200000 4500
001 66161
005 20231031071200.0
010 |a 5891760568 
035 |a (RuTPU)RU\TPU\book\70262 
090 |a 66161 
100 |a 20040723d1999 k y0rusy50 ca 
101 0 |a rus 
102 |a RU 
105 |a a z 001zy 
200 1 |a Ультраосновные включения и вулканиты как саморегулирующаяся геологическая система  |f А. В. Колосков  |g Институт вулканической геологии и геохимии ДВО РАН 
210 |a Москва  |c Научный мир  |d 1999 
215 |a 224 с.  |c ил. 
320 |a Библиогр.: с. 192-205. 
330 |a На обширном и представительном материале изучены особенности вещественного состава (петрохимия, геохимия, минералогия, изотопия) ксенолитсодержащих вулканитов различных регионов Восточно-Азиатской окраины, проведено их сравнение с типами пород внутриплитных континентальных и океанических областей, а также островных дуг и активных континентальных окраин. Подробно рассмотрена минералогия и изотопно-геохимический состав различных типов включений ультрамафитов в вулканитах, имеющих разное тектоническое положение. Построен ряд дискриминантных петрохимических, геохимических, изотопных и минералогических диаграмм, существенно дополняющих имеющийся арсенал петрологической методологии. Сопоставление составов ультраосновных включений и вулканитов как на макро-, так и на микроуровне свидетельствует о наличии соответствия между минералогическим типом включения и геохимическим типом несущих его вулканических пород. Наблюдаемая в одной выборке или в одном образце ксенолита картина его декомпрессионного преобразования проявляется фрагментарно на примере ассоциаций включений и вулканитов различных регионов. Эти закономерности обусловлены, скорее всего, единым механизмом образования включений и свидетельствуют о генетическом родстве включений и вулканитов, которые следует рассматривать как единую саморегулирующуюся геологическую систему. 
610 1 |a вулканиты 
610 1 |a ультраосновные включения 
610 1 |a вулканизм 
610 1 |a ксенолиты 
610 1 |a ультрамафиты 
610 1 |a ксенолитсодержащие вулканиты 
610 1 |a петрогенетическая информативность 
610 1 |a вмещающие вулканиты 
610 1 |a петролого-генетические корреляции 
675 |a 552.311  |v 3 
700 1 |a Колосков  |b А. В.  |g Александр Валерианович 
712 0 2 |a Российская академия наук (РАН)  |b Дальневосточное отделение (ДВО)  |b Институт вулканической геологии и геохимии (ИВГиГ)  |c (Петропавловск-Камчатский)  |2 stltpush  |3 (RuTPU)RU\TPU\col\5823 
801 1 |a RU  |b 63413507  |c 20040723  |g PSBO 
801 2 |a RU  |b 63413507  |c 20091207  |g PSBO 
942 |c BK